My Faith as an African (Record no. 21878)
[ view plain ]
| 000 -LEADER | |
|---|---|
| fixed length control field | 00384nam a2200169Ia 4500 |
| 003 - CONTROL NUMBER IDENTIFIER | |
| control field | 0100 |
| 005 - DATE AND TIME OF LATEST TRANSACTION | |
| control field | 20181008123430.0 |
| 008 - FIXED-LENGTH DATA ELEMENTS--GENERAL INFORMATION | |
| fixed length control field | 130303s9999 xx 000 0 und d |
| 040 ## - CATALOGING SOURCE | |
| Transcribing agency | ARRUPELIB |
| 050 ## - LIBRARY OF CONGRESS CALL NUMBER | |
| Classification number | BR1430 .E4313 |
| 100 ## - MAIN ENTRY--PERSONAL NAME | |
| Personal name | Ela, Jean-Marc |
| 9 (RLIN) | 27849 |
| 245 ## - TITLE STATEMENT | |
| Title | My Faith as an African |
| 260 ## - PUBLICATION, DISTRIBUTION, ETC. (IMPRINT) | |
| Place of publication, distribution, etc | NY |
| 260 ## - PUBLICATION, DISTRIBUTION, ETC. (IMPRINT) | |
| Name of publisher, distributor, etc | Orbis Books |
| 300 ## - PHYSICAL DESCRIPTION | |
| Extent | 187p |
| 650 ## - SUBJECT ADDED ENTRY--TOPICAL TERM | |
| Topical term following geographic name as entry element | Responsibility, Atonement |
| 9 (RLIN) | 24353 |
| 942 ## - ADDED ENTRY ELEMENTS (KOHA) | |
| Source of classification or shelving scheme | Library of Congress Classification |
| Koha item type | Monograph ( Printed materials) |
| Withdrawn status | Lost status | Source of classification or shelving scheme | Damaged status | Not for loan | Collection code | Home library | Current library | Date acquired | Total Checkouts | Full call number | Barcode | Date last seen | Date checked out | Copy number | Price effective from | Koha item type | Shelving location |
|---|---|---|---|---|---|---|---|---|---|---|---|---|---|---|---|---|---|
| Library of Congress Classification | Main Collection | ARRUPE LIBRARY | ARRUPE LIBRARY | 04/03/2013 | 3 | BR1430. E4313 1988 | 46003088660 | 28/09/2023 | 05/09/2023 | 1 | 04/03/2013 | Monograph ( Printed materials) | |||||
| Library of Congress Classification | Main Collection | ARRUPE LIBRARY | ARRUPE LIBRARY | 26/02/2014 | BR1430. E4313 1988 | 46500002238 | 15/11/2016 | 2 | 26/02/2014 | Monograph ( Printed materials) | Main Collection |